| 000 | 00434nam a2200145Ia 4500 | ||
|---|---|---|---|
| 008 | 231129s2004||||xx |||||||||||||| ||spa|| | ||
| 020 | _a958-6771083 | ||
| 040 | _bspa | ||
| 082 | _aR 423.61 V434g | ||
| 100 | _aVelásquez de la Cadena Mariano | ||
| 245 | 0 | _aGran Diccionario Español - Inglés Inglés - Español: New Velásquez | |
| 260 | _c2004 | ||
| 264 | _aZamora. | ||
| 942 |
_2ddc _cBKS |
||
| 999 |
_c14601 _d14601 |
||